| 000 | 01205nac a22003011i 4500 | ||
|---|---|---|---|
| 003 | EG-ScBUE | ||
| 005 | 20250306103303.0 | ||
| 008 | 250306t2008 njua f b 001 0 eng d | ||
| 020 | _a9780471789567 (hbk.) | ||
| 040 |
_aEG-ScBUE _beng _erda _cEG-ScBUE _dEG-ScBUE |
||
| 082 | 0 | 4 |
_a519.5 _bBLA _222 |
| 100 | 1 |
_aBlack, Ken, _eauthor. |
|
| 245 | 1 | 0 |
_aBusiness statistics : _bfor contemporary decision making / _cKen Black, University of Houston-Clear Lake. |
| 250 | _aFifth edition. | ||
| 264 | 1 |
_aHoboken, NJ : _bWiley, _c[2008] |
|
| 264 | 4 | _cc2008 | |
| 300 |
_axxxi, 839 pages : _billustrations ; _c29 cm |
||
| 336 |
_2rdacontent _atext _btxt |
||
| 337 |
_aunmediated _2rdamedia _bn |
||
| 338 |
_avolume _bnc _2rdacarrier |
||
| 504 | _aIncludes bibliographical references and index. | ||
| 650 | 7 |
_aCommercial statistics. _2BUEsh |
|
| 655 | _vReading book | ||
| 856 | 4 | 1 |
_3Table of contents only _uhttp://www.loc.gov/catdir/toc/fy0710/2007273751.html |
| 856 | 4 | 1 |
_3Contributor biographical information _uhttp://www.loc.gov/catdir/enhancements/fy0814/2007273751-b.html |
| 856 | 4 | 1 |
_3Publisher description _uhttp://www.loc.gov/catdir/enhancements/fy0814/2007273751-d.html |
| 942 |
_cBB _2ddc |
||
| 999 |
_c8717 _d8717 |
||